00541pab a2200157 454500008004000000100002400040245009000064260000900154300001200163650001800175650001800193773003900211909001000250999001700260952010600277180718b1996 xxu||||| |||| 00| 0 eng d aDordunoo, Cletus K. aGender analysis of labour force participation, employment and status of work in Ghana c1996 ap.61-81 aWomen - Ghana aLabour market aGreenhil Journal of Administration a33994 c33994d33994 00104070aIIPAbIIPAd2018-07-19hVolume no: 10, Issue no: 1-2pAR34223r2018-07-19w2018-07-19yAR